书目信息 |
| 题名: |
怎样使用化肥
|
|
| 作者: | 杨景尧 , 唐近春 编 | |
| 分册: | ||
| 出版信息: | 北京 农业出版社 1963 |
|
| 页数: | 34页 | |
| 开本: | 20cm | |
| 丛书名: | ||
| 单 册: | ||
| 中图分类: | TQ44 | |
| 科图分类: | ||
| 主题词: | 化学肥料 , 肥料工业 | |
| 电子资源: | ||
| ISBN: | ||
| 000 | 00572nam0 2200205 450 | |
| 001 | 0638879541 | |
| 005 | 20060518105024.29 | |
| 010 | @dCNY0.11 | |
| 100 | @a20060518d1963 km y0chiy0120 ea | |
| 101 | 0 | @achi |
| 200 | 1 | @a怎样使用化肥@Azen yang shi yong hua fei@f杨景尧,唐近春编@Fyang jing yao,tang jin chun bian |
| 210 | @a北京@c农业出版社@d1963 | |
| 215 | 1 | @a34页@d20cm |
| 606 | 0 | @a化学肥料 |
| 606 | 0 | @a肥料工业 |
| 690 | @aTQ44@v4 | |
| 701 | 0 | @a杨景尧@Ayang jing yao@4编 |
| 701 | 0 | @a唐近春@Atang jin chun@4编 |
| 801 | 0 | @aCN@bPFT@c20060518 |
| 905 | @a10447@dTQ44@e5 | |
| 怎样使用化肥/杨景尧,唐近春编.-北京:农业出版社,1963 |
| 34页;20cm |
| ISBN :CNY0.11 |
| ● |
| 相关链接 |
|
|
|
|
正题名:怎样使用化肥
索取号:TQ44/5
 
预约/预借
| 序号 | 登录号 | 条形码 | 馆藏地/架位号 | 状态 | 备注 |
| 1 | 0016464 | 202348021 | 密集书库/ [索取号:TQ44/5] | 在馆 |